000 00417pab a2200169 454500
008 180718b2012 xxu||||| |||| 00| 0 eng d
100 _aNaik, B.M.
245 _aIndia needs world class institutes in higher education
260 _c2012
300 _ap.1-9.
362 _a7 May
650 _aHigher education - India
650 _aHigher education
773 _aUniversity News
908 _aN
909 _a95622
999 _c95622
_d95622